<?xml version="1.0" encoding="UTF-8"?>
<collection xmlns="http://www.loc.gov/MARC21/slim">
 <record>
  <leader>00772pamaa2200205   4500</leader>
  <controlfield tag="001">0000014807</controlfield>
  <controlfield tag="005">20060119090000.0</controlfield>
  <datafield tag="020" ind1="0" ind2="0">
   <subfield code="a">0864434855 </subfield>
  </datafield>
  <datafield tag="082" ind1=" " ind2=" ">
   <subfield code="a">322.30959 GOM</subfield>
  </datafield>
  <datafield tag="090" ind1="0" ind2="0">
   <subfield code="a">JQ1062.A979 </subfield>
   <subfield code="b">GOM</subfield>
  </datafield>
  <datafield tag="100" ind1="1" ind2="0">
   <subfield code="a">GOMEZ </subfield>
  </datafield>
  <datafield tag="245" ind1="1" ind2="0">
   <subfield code="a">Political business : </subfield>
   <subfield code="b">corporate involvement of Malaysian political parties  </subfield>
   <subfield code="c">Edmund Terence Gomez.</subfield>
  </datafield>
  <datafield tag="260" ind1="0" ind2="0">
   <subfield code="a">Australia: </subfield>
   <subfield code="b">James Cook University, </subfield>
   <subfield code="c">1994.</subfield>
  </datafield>
  <datafield tag="300" ind1=" " ind2=" ">
   <subfield code="a">xix, 329p.: </subfield>
   <subfield code="b">22cm.</subfield>
  </datafield>
  <datafield tag="650" ind1="0" ind2="0">
   <subfield code="a">Business and politics -- </subfield>
   <subfield code="z">Malaysia </subfield>
  </datafield>
  <datafield tag="650" ind1="0" ind2="0">
   <subfield code="a">Political parties -- </subfield>
   <subfield code="z">Malaysia </subfield>
  </datafield>
  <datafield tag="650" ind1="0" ind2="0">
   <subfield code="a">Corporations -- </subfield>
   <subfield code="x">Political activity -- </subfield>
   <subfield code="z">Malaysia </subfield>
  </datafield>
  <datafield tag="650" ind1="0" ind2="0">
   <subfield code="a">Campaign funds -- </subfield>
   <subfield code="z">Malaysia </subfield>
  </datafield>
  <datafield tag="651" ind1="0" ind2="0">
   <subfield code="a">Malaysia -- </subfield>
   <subfield code="x">Politics and government </subfield>
  </datafield>
  <datafield tag="710" ind1="1" ind2="1">
   <subfield code="a">James Cook University of North Queensland. Centre for Southeast Asian Studies </subfield>
  </datafield>
 </record>
</collection>
